00455 a2200169 450000100060000002000060000604000240001210000190003624000290005524500240008430000090010836200090011765000310012694200070015795201040016499900170026870252 a  cAnchieta - Itaigara aRocha, Kátia10aA poesia das coisaslpor10aA poesia das coisas a45p.0 a2002 4aLiteratura infanto-juvenil cBK 00104070a88.1b88.1d2023-11-21l0o028.5 ROC POEp3508/ITAr2023-11-21 20:05:12w2023-11-21yBK c70252d70252